| 000 | 00890nam a2200253 a 4500 | ||
|---|---|---|---|
| 001 | 000032051 | ||
| 003 | DO-SdBNP | ||
| 005 | 20240306073910.0 | ||
| 008 | 110712s1996 dr a 000 0 spa d | ||
| 040 |
_aDO-SdBNP _bspa _cBNPHU |
||
| 082 | 4 |
_a972.9105 _bM378p 1996 _222 |
|
| 100 | 1 |
_aMartí, José, _d1853-1895 _9645 |
|
| 245 | 1 | 3 |
_aEl presidio político en Cuba : _b(fragmentos) / _cJosé Martí ; editor Rodolfo Coiscou Weber. |
| 260 |
_aSanto Domingo : _bImpresos Isla, _c1996. |
||
| 300 |
_a22 p. : _bil. ; _c21 cm. |
||
| 490 |
_aAntología de nuestra voz _v53 |
||
| 590 | _aInventariado, 2021 / DG | ||
| 650 | 4 |
_aPresos políticos _zCuba _xRelatos personales _929341 |
|
| 651 | 4 |
_aCuba _xHistoria _y1810-1899 _92159 |
|
| 700 | 1 | 2 |
_aCoiscou Weber, Rodolfo, _eed. _919739 |
| 830 |
_aAntología de nuestra voz _n53 _958180 |
||
| 910 | _aValidado. Control de calidad EMS | ||
| 942 |
_2ddc _cLBS1 |
||
| 999 |
_c31542 _d31542 |
||